Ranskan alueet - Statistics

Yleistilastot
  • Tätä visaa on pelattu 455 kertaa
  • Keskiarvotulos 8 / 18
Vastaukset kartalla
Vastauksille on annettu kartalla punavihreä väri sen mukaan, kuinka moni on saanut sen oikein.
 
Vastaustilastot
Alue % Oikein
Normandia
74%
Korsika
71%
Bretagne
67%
Île-de-France
55%
Provence-Alpit-Riviera
54%
Pays de la Loire
41%
Grand Est
40%
Oksitania
39%
Burgundi-Franche-Comté
38%
Martinique
37%
Réunion
37%
Guadeloupe
36%
Ranskan Guayana
35%
Auvergne-Rhône-Alpes
33%
Uusi-Akvitania
32%
Hauts-de-France
31%
Mayotte
27%
Centre-Val de Loire
26%
Ehtoja vastaavia visoja ei löytynyt
Tulosjakauma
Jokaisen tuloksen saaneiden osuus
Persentiili vastausten määrän mukaan
Tuloshistoriasi
Et ole pelannut tätä visaa